| 000 | 00465nam a2200181Ia 4500 | ||
|---|---|---|---|
| 003 | GCL | ||
| 008 | 140319s9999 xx 000 0 eng d | ||
| 040 |
_aGCL / _cGCL |
||
| 082 | 0 | 4 |
_a946 _bG G |
| 100 | 1 | _aLES GUDIES BLEUS | |
| 245 | 1 | 0 |
_aLES GUIDES BLEUS ESPAGNE / _cLES GUDIES BLEUS |
| 260 |
_a[S.N] : _bLIBRAIRIE HACHETTE ، _c1952 |
||
| 300 | _a964 P | ||
| 650 | 0 | 4 | _aSPAIN |
| 650 | 0 | 4 | _aHISTORY |
| 650 | 0 | 4 | _aSPAIN - HISTORY AND CRITICISM |
| 942 |
_2ddc _cBK |
||
| 999 |
_c11308 _d11308 |
||